| 000 | 00931nas a2200277 4500 | ||
|---|---|---|---|
| 001 | BR2011005278 | ||
| 003 | BR-BrBNA | ||
| 005 | 20231205115602.0 | ||
| 007 | ta | ||
| 008 | 230509b bl.|||p| |||| 00| 00por d | ||
| 040 |
_aBR-BrBNA _bpor _cBiblioteca Nacional de Agricultura |
||
| 041 | _a(Pt) | ||
| 072 | _aL72 | ||
| 100 | 1 | _aFlorião, M.M. | |
| 100 | 1 | _aFraga, M.E. | |
| 100 | 1 | _aMoya-Borja, G.E. | |
| 100 | 1 | _aTassinari, W. | |
| 100 | 1 | _aFajardo, R.S.L. | |
| 245 | 1 | _aMapeamento corporal quanto a presença de larvas de Dermatobia hominis (Linneaus Jr., 1781)(Díptera: Cuterebridae)em bovinocultura leiteira orgânica | |
| 650 | _aGADO LEITEIRO | ||
| 650 | _aDERMATOBIA HOMINIS | ||
| 650 | _aMOSCA BERNEIRA | ||
| 773 | 0 |
_tRevista Brasileira de Medicina Veterinária (Brazil) _xISSN 0100-2430 _g(Jan-Mar 2011), v. 33(1) p. 23-28 _wBR2011005278 |
|
| 909 |
_a202311 _bLúcia _c55 _dLúcia Elande |
||
| 942 |
_2AGRIS _n0 _cANA |
||
| 999 |
_c214614 _d214614 |
||